[Event "SPICE Cup Open 2018"]
[Site "Saint Louis USA"]
[Date "2018.10.28"]
[Round "9.9"]
[White "Chandra, Akshat"]
[Black "Yanayt, Eugene"]
[Result "1-0"]
[WhiteTitle "GM"]
[BlackTitle "FM"]
[WhiteElo "2471"]
[BlackElo "2137"]
[WhiteFideId "25006711"]
[BlackFideId "2020165"]
[EventDate "2018.10.23"]

1. e4 c5 2. Nf3 d6 3. c3 Nf6 4. Be2 b6 5. O-O Bb7 6. d3 g6 7. Nbd2 Bg7 8. Re1
O-O 9. Bf1 e5 10. a3 Nbd7 11. b4 d5 12. Bb2 Re8 13. g3 Rc8 14. Bh3 Rc7 15. exd5
Bxd5 16. c4 Ba8 17. Qc2 Qb8 18. Re2 Qb7 19. Bg2 Ng4 20. Rae1 f5 21. Nh4 Qb8 22.
Bxa8 Qxa8 23. Nhf3 Qd8 24. bxc5 bxc5 25. h3 Nh6 26. Nxe5 Nxe5 27. Bxe5 Rxe5 28.
Rxe5 Bxe5 29. Rxe5 Rd7 30. Rxc5 f4 31. g4 Qe7 32. Rc8+ Kf7 33. Nf3 Rb7 34. c5
Rc7 1-0

[Event "SPICE Cup Open 2018"]
[Site "Saint Louis USA"]
[Date "2018.10.28"]
[Round "9.10"]
[White "Wang, Justin"]
[Black "Tang, Andrew"]
[Result "1-0"]
[WhiteTitle "FM"]
[BlackTitle "GM"]
[WhiteElo "2377"]
[BlackElo "2469"]
[WhiteFideId "30911370"]
[BlackFideId "2059630"]
[EventDate "2018.10.23"]

1. e4 e5 2. Nf3 Nc6 3. Bb5 a6 4. Ba4 Nf6 5. O-O Be7 6. Re1 b5 7. Bb3 d6 8. c3
O-O 9. h3 Bb7 10. d4 Re8 11. Nbd2 Bf8 12. a3 h6 13. Bc2 Nb8 14. b3 Nbd7 15. Bb2
g6 16. a4 Bg7 17. Bd3 c6 18. Qc2 Rc8 19. axb5 cxb5 20. d5 Nh5 21. Bf1 Rf8 22.
Ba3 Qb6 23. Bb4 Nf4 24. Ba5 Qa7 25. c4 f5 26. Qd1 bxc4 27. bxc4 Rf6 28. Nh4 Nc5
29. Rb1 Nxe4 30. Nxe4 fxe4 31. Bb6 Qa8 32. g3 Nd3 33. Rxe4 Nc5 34. Re2 Nd7 35.
Reb2 g5 36. Ng2 Rcf8 37. Be3 Bc8 38. h4 R6f7 39. hxg5 hxg5 40. Ne1 e4 41. Rb3 a5
42. Be2 Ba6 43. Ra3 Qd8 44. Bh5 Rf5 45. Bg4 Qf6 46. Bxf5 Qxf5 47. Qh5 Bxc4 48.
Rb7 Bxd5 49. Rxa5 Nf6 50. Qd1 Qe6 51. Rc7 Kh8 52. Raa7 Bh6 53. Bd4 Kg8 54. Re7
Qf5 55. g4 Qxg4+ 56. Qxg4 Nxg4 57. Rh7 1-0

[Event "SPICE Cup Open 2018"]
[Site "Saint Louis USA"]
[Date "2018.10.28"]
[Round "9.11"]
[White "Escalante Ramirez, Brian Sebasti"]
[Black "Grabinsky, Aaron"]
[Result "1-0"]
[WhiteTitle "IM"]
[WhiteElo "2442"]
[BlackElo "2375"]
[WhiteFideId "3819566"]
[BlackFideId "2087090"]
[EventDate "2018.10.23"]

1. e4 c6 2. Nc3 g6 3. d4 Bg7 4. Be3 d6 5. Qd2 b5 6. Bd3 Nf6 7. f3 Nbd7 8. a4 b4
9. Nce2 a5 10. b3 O-O 11. h4 e5 12. Rd1 d5 13. h5 Nxh5 14. g4 Nf4 15. Nxf4 exf4
16. Qh2 h6 17. Bxf4 g5 18. Bc7 Qe8 19. Ne2 dxe4 20. Bxe4 Nf6 21. Be5 Nxg4 22.
fxg4 f6 23. Qg2 fxe5 24. Bxc6 Bd7 25. Bd5+ Kh8 26. Bxa8 Qxa8 27. Qxa8 Rxa8 28.
Rg1 exd4 29. Nxd4 Re8+ 30. Kf1 Re4 31. Nf5 Rf4+ 32. Ke2 Bxf5 33. gxf5 Rxf5 34.
Rd7 Rc5 35. Rgd1 Rxc2+ 36. R1d2 Rc6 37. R2d6 Rc2+ 38. Kf3 h5 39. Rg6 g4+ 40. Ke4
Bf8 41. Rg5 Re2+ 42. Kf5 Rh2 43. Kg6 Kg8 44. Rf5 Re2 45. Rd8 1-0

[Event "SPICE Cup Open 2018"]
[Site "Saint Louis USA"]
[Date "2018.10.28"]
[Round "9.12"]
[White "Wang, Tianqi"]
[Black "Polgar-Shutzman, Tom"]
[Result "1/2-1/2"]
[WhiteElo "2346"]
[BlackElo "2130"]
[WhiteFideId "2063824"]
[BlackFideId "2064880"]
[EventDate "2018.10.23"]

1. Nf3 Nf6 2. e3 d5 3. c4 e6 4. b3 Be7 5. Bb2 O-O 6. Be2 b6 7. O-O Bb7 8. Nc3 c5
9. cxd5 Nxd5 10. Nxd5 Bxd5 11. d3 Bf6 12. Qc2 Nd7 13. Rac1 Rc8 14. Rfd1 Bb7 15.
Qb1 Bxb2 16. Qxb2 Qf6 17. Qa3 a5 18. h3 Ba6 19. Bf1 h6 20. Qa4 Rfd8 21. Qe4 Rc7
22. Qa4 Bb7 23. Nd2 Bc6 24. Qa3 Bd5 25. d4 Rdc8 26. dxc5 Nxc5 27. Be2 Ne4 28.
Nxe4 Bxe4 29. Rxc7 Rxc7 30. Rc1 Qd8 31. Qb2 Qc8 32. Rxc7 Qxc7 33. Qd4 Bb7 34.
Bc4 Bc6 35. a4 e5 36. Qh4 Qd7 37. Qh5 Qc7 38. Qf5 Bxa4 39. bxa4 Qxc4 40. Qd7
Qc1+ 41. Kh2 Qc4 42. Qe8+ Kh7 43. Qxe5 Qxa4 44. Qf5+ Kg8 45. Qc8+ Kh7 46. Qf5+
Kg8 1/2-1/2

[Event "SPICE Cup Open 2018"]
[Site "Saint Louis USA"]
[Date "2018.10.28"]
[Round "9.13"]
[White "Kiewra, Keaton"]
[Black "Ghazarian, Kirk"]
[Result "1/2-1/2"]
[WhiteTitle "IM"]
[WhiteElo "2375"]
[BlackElo "2222"]
[WhiteFideId "2019280"]
[BlackFideId "30908604"]
[EventDate "2018.10.23"]

1. Nf3 c5 2. c4 g6 3. Nc3 Bg7 4. e3 Nf6 5. d4 O-O 6. Be2 cxd4 7. Nxd4 Nc6 8. O-O
d6 9. Qb3 Nd7 10. Rd1 Nc5 11. Qa3 a5 12. Ncb5 Qb6 13. Bd2 Bd7 14. Be1 Nxd4 15.
Nxd4 Ne6 16. Bc3 Qc5 17. Qxc5 Nxc5 18. b3 Bc6 19. f3 f5 20. Rab1 Rfc8 21. a3 Be8
22. Rdc1 Bf7 23. b4 axb4 1/2-1/2

[Event "SPICE Cup Open 2018"]
[Site "Saint Louis USA"]
[Date "2018.10.28"]
[Round "9.14"]
[White "Williams, Justus"]
[Black "Peng, David"]
[Result "0-1"]
[WhiteTitle "FM"]
[BlackTitle "FM"]
[WhiteElo "2344"]
[BlackElo "2341"]
[WhiteFideId "2049929"]
[BlackFideId "2059355"]
[EventDate "2018.10.23"]

1. d4 Nf6 2. c4 e6 3. Nc3 Bb4 4. e3 O-O 5. Ne2 d5 6. a3 Be7 7. cxd5 exd5 8. Nf4
c6 9. Bd3 a5 10. O-O Na6 11. Qc2 Nc7 12. Rb1 Bd6 13. b4 Qe7 14. Bd2 Re8 15. b5
Bxa3 16. bxc6 bxc6 17. Na4 Qd6 18. Nb6 Ra7 19. Qa4 Ba6 20. Bxa5 g5 21. Bxa6 Rxa6
22. Nd3 Ng4 23. Ne5 Nxe5 24. dxe5 Rxe5 25. Rfd1 Re8 26. Qg4 Rxa5 27. Nc4 Ra4 28.
Nxd6 Rxg4 29. Nxe8 Nxe8 30. Rb8 Kf8 31. Ra8 Bb4 32. Rda1 Re4 33. Rc8 Re6 34. Kf1
c5 35. Raa8 f5 36. Ke2 Kf7 37. Kf3 Nf6 38. h3 h5 39. h4 g4+ 40. Ke2 f4 41. Rc7+
Kg6 42. Raa7 g3 43. Rg7+ Kh6 44. Rge7 Rxe7 45. Rxe7 gxf2 46. Kxf2 Ng4+ 47. Kf3
fxe3 48. Kf4 Kg6 49. Re6+ Kf7 50. Kf5 c4 0-1

[Event "SPICE Cup Open 2018"]
[Site "Saint Louis USA"]
[Date "2018.10.28"]
[Round "9.15"]
[White "Narayanan, Samrug"]
[Black "Santarius, Erik"]
[Result "0-1"]
[BlackTitle "IM"]
[WhiteElo "2145"]
[BlackElo "2404"]
[WhiteFideId "30914051"]
[BlackFideId "2025817"]
[EventDate "2018.10.23"]

1. e4 c6 2. d4 d5 3. e5 Bf5 4. h4 h5 5. Bd3 Bxd3 6. Qxd3 e6 7. Bg5 Qb6 8. Nd2
Qa6 9. c4 dxc4 10. Nxc4 Nh6 11. Nf3 Nf5 12. O-O Nd7 13. Qc2 Nb6 14. Ne3 Ne7 15.
Nd2 Ned5 16. a3 Qa4 17. Qxa4 Nxa4 18. Nxd5 cxd5 19. Rfc1 Kd7 20. Rc2 Rc8 21.
Rxc8 Kxc8 22. Rc1+ Kd7 23. Rc2 Nb6 24. Kf1 Na4 25. Ke2 b5 26. Nb3 b4 27. Nc5+
Bxc5 28. dxc5 bxa3 29. c6+ Kc7 30. bxa3 Rb8 31. Be7 Rb2 32. Bd6+ Kb6 33. Rxb2+
Nxb2 34. c7 Kb7 35. g4 g6 36. gxh5 gxh5 37. f4 Nc4 38. f5 exf5 39. Kf3 f6 40.
Kf4 fxe5+ 41. Bxe5 Nxe5 42. Kxe5 f4 43. c8=Q+ Kxc8 44. Kxf4 Kb7 45. Kg5 d4 0-1

[Event "SPICE Cup Open 2018"]
[Site "Saint Louis USA"]
[Date "2018.10.28"]
[Round "9.16"]
[White "Watson, John"]
[Black "Polavaram, Rithik"]
[Result "1-0"]
[WhiteTitle "IM"]
[WhiteElo "2203"]
[BlackElo "2069"]
[WhiteFideId "2000768"]
[BlackFideId "2081997"]
[EventDate "2018.10.23"]

1. c4 Nf6 2. Nf3 e6 3. g3 d5 4. b3 Be7 5. Bg2 O-O 6. O-O c5 7. e3 d4 8. exd4
cxd4 9. Re1 Nc6 10. d3 Ne8 11. Na3 f6 12. Nc2 e5 13. a3 a5 14. Rb1 Rb8 15. b4
axb4 16. axb4 b5 17. Nh4 Na7 18. Bd5+ Rf7 19. Qh5 Nd6 20. c5 Bb7 21. Be6 Bc8 22.
Bb3 Nc4 23. dxc4 Be6 24. cxb5 Bxb3 25. Rxb3 Nxb5 26. Qf3 Nc3 27. Bd2 e4 28. Rxe4
Nxe4 29. Qxe4 Bxc5 30. Nf5 Bb6 31. Ncxd4 Bxd4 32. Nxd4 Re7 33. Qd3 Qd5 34. Nf5
Qxd3 35. Nxe7+ Kf7 36. Rxd3 Kxe7 37. Be3 Ke6 38. Bc5 Rb7 39. f4 h5 40. Kf2 g6
41. Rd6+ Kf7 42. Ke3 Re7+ 43. Kd3 Rb7 44. Kc4 Re7 45. b5 Re2 46. b6 Rxh2 47. b7
Rc2+ 48. Kb3 Rc1 49. Kb2 1-0

[Event "SPICE Cup Open 2018"]
[Site "Saint Louis USA"]
[Date "2018.10.28"]
[Round "9.17"]
[White "Shoykhet, Benjamin"]
[Black "Betaneli, Alexander"]
[Result "0-1"]
[BlackTitle "FM"]
[WhiteElo "1855"]
[BlackElo "2272"]
[WhiteFideId "30919746"]
[BlackFideId "2012359"]
[EventDate "2018.10.23"]

1. c4 e6 2. g3 d5 3. Bg2 Nf6 4. Nf3 Be7 5. O-O O-O 6. d4 c6 7. b3 b6 8. Bb2 a5
9. a3 Nbd7 10. Nbd2 Bb7 11. Qc2 Rc8 12. Rad1 c5 13. Qb1 Rc7 14. Qa1 Qa8 15. Rfe1
a4 16. cxd5 exd5 17. Ne5 axb3 18. dxc5 bxc5 19. Nxd7 Rxd7 20. Bh3 Rdd8 21. Nxb3
Qa4 22. Bxf6 gxf6 23. Rb1 Qa7 24. Qc3 d4 25. Qd3 Qa6 26. Qxa6 Bxa6 27. Na5 Rd6
28. Nb7 Rc6 29. Na5 Rc7 30. Rb6 Ra7 31. Nc6 Bd8 32. Rb8 Ba5 33. Rxf8+ Kxf8 34.
Nxa5 Bxe2 35. Rxe2 Rxa5 36. Rd2 Rxa3 37. Bf1 Rc3 38. Kg2 Ke7 39. Ba6 Kd6 40. Bb7
h6 41. f4 d3 42. Be4 c4 43. Kf2 Kc5 44. Ke3 h5 45. Bf5 Rc1 46. Bxd3 Rc3 47. Ke4
cxd3 48. Rxd3 f5+ 49. Ke3 Kc4 50. Rxc3+ Kxc3 51. h3 Kc4 52. Kf3 Kd5 53. g4 fxg4+
54. hxg4 hxg4+ 55. Kxg4 Ke4 56. Kg5 f5 57. Kh4 Kxf4 58. Kh3 Kf3 59. Kh2 Kf2 0-1